01288cam a22003377a 4500003000500000005001700005008004100022010001000063011001000073020001500083035001000098040000900108082001500117100003100132245012900163260004900292300002300341590004100364590004100405590004100446590004100487590004200528650004000570650004800610901000700658905002600665942001000691949008600701999001700787952014600804CHAP20220329142242.0000329d1998 uk r 00010 eng d a80600 a81572 a0851992803 a92045 cCHAP04a630.72bP600aPersley, G. J.eed.98731710aInvestment strategies for agriculture and natural resources :binvesting in knowledge for developmentc/ed. by G. J. Persley aWallingford, UK :bCAB International,c1998. a316 p. :bgráfs. aBATCH-UPDb10c20130110lUCH01h0747 aBATCH-UPDb10c20130410lUCH01h0428 aBATCH-UPDb10c20130914lUCH01h1908 aBATCH-UPDb10c20140805lUCH01h1148 aCONVERSIONb10c20130109lUCH01h134514aAgriculturaxInvestigación.9157714aRecursos naturalesxInvestigación.995292 aBK aBlanca M. García O. cLIBRO a630.72 P6bBCcLIBROd33724000772349eLIBROgI. 203411h97605i92045sit$1209.00 c80600d80600 00102ddc4052708GRALaBCbBCcPP_GRALd2019-12-31eI. 203411fLIBROl0o630.72 P6p33724000772349r2019-12-31 00:00:00w2019-12-31yLIBRO